Radio control for models / (Record no. 68007)
[ view plain ]
| 000 -LEADER | |
|---|---|
| fixed length control field | 00699nam a2200241 a 4500 |
| 001 - CONTROL NUMBER | |
| control field | 68007 |
| 003 - CONTROL NUMBER IDENTIFIER | |
| rucl marc code | BD-RjUL |
| 005 - DATE AND TIME OF LATEST TRANSACTION | |
| control field | 20211209081724.0 |
| 008 - FIXED-LENGTH DATA ELEMENTS--GENERAL INFORMATION | |
| fixed length control field | 170329s1974 enka 001 0 eng d |
| 020 ## - INTERNATIONAL STANDARD BOOK NUMBER | |
| International Standard Book Number | 0273252313 |
| 035 ## - SYSTEM CONTROL NUMBER | |
| System control number | (BD-RjUL)68216 |
| 040 ## - CATALOGING SOURCE | |
| Original cataloging agency | DLC |
| Transcribing agency | DLC |
| Modifying agency | DLC |
| Language of cataloging | eng |
| 041 ## - LANGUAGE CODE | |
| Language code of text/sound track or separate title | eng |
| 082 00 - DEWEY DECIMAL CLASSIFICATION NUMBER | |
| Edition number | 23 |
| Classification number | 629.1331 |
| Author mark and year | WAR 1974 |
| 100 1# - MAIN ENTRY--PERSONAL NAME | |
| Personal name | Warring, R. H. |
| Fuller form of name | (Ronald Horace), |
| Dates associated with a name | 1920- |
| 9 (RLIN) | 201576 |
| 245 10 - TITLE STATEMENT | |
| Title | Radio control for models / |
| Statement of responsibility, etc. | R. H. Warring. |
| 260 ## - PUBLICATION, DISTRIBUTION, ETC. (IMPRINT) | |
| Place of publication, distribution, etc. | London : |
| Name of publisher, distributor, etc. | Pitman Pub., |
| Date of publication, distribution, etc. | 1974. |
| 300 ## - PHYSICAL DESCRIPTION | |
| Pagination | 220 p. : |
| Illustrations | ill. ; |
| Size | 25 cm. |
| 500 ## - GENERAL NOTE | |
| General note | Includes index. |
| 650 #0 - SUBJECT ADDED ENTRY--TOPICAL TERM | |
| Topical term or geographic name as entry element | Models and modelmaking |
| General subdivision | Radio control systems. |
| 9 (RLIN) | 201577 |
| 942 ## - ADDED ENTRY ELEMENTS (KOHA) | |
| Source of classification or shelving scheme | Dewey Decimal Classification |
| Koha item type | Books |
| Lost status | Source of classification or shelving scheme | Damaged status | Not for loan | Collection code | Permanent Location | Current Location | Shelving location | Date acquired | Source of acquisition | Cost, normal purchase price | Total Checkouts | Full call number | Date last seen | Copy number | Koha item type |
|---|---|---|---|---|---|---|---|---|---|---|---|---|---|---|---|
| Dewey Decimal Classification | Not For Loan | Non-fiction | Central Library, University of Rajshahi | Central Library, University of Rajshahi | Reading Room | 13/06/1979 | Standard pul Ltd., Rajshahi | 220.00 | 629.1331 WAR 1974 | 29/03/2017 | C-1 | Books |